Antisemitismus in Fußball-Fankulturen: der Fall RB Leipzig
Dieses Buch analysiert das gesellschaftlich weitverbreitete Ressentiment gegen RB Leipzig aus antisemitismuskritischer Perspektive. In einer empirisch fundierten theoretischen Auseinandersetzung stellt dieses Buch eine gleichermaßen innovative wie richtungsweisende Studie über die Fankultur der Ult...
Saved in:
| Main Author: | |
|---|---|
| Format: | Book/Monograph |
| Language: | German |
| Published: |
Weinheim Basel
Beltz Juventa
2021
|
| Edition: | 1. Auflage |
| Subjects: | |
| Online Access: | Verlag, Inhaltstext: http://deposit.dnb.de/cgi-bin/dokserv?id=dffcfb869f0f4c62943bdfa92696e9cd&prov=M&dok_var=1&dok_ext=htm Inhaltsverzeichnis: https://swbplus.bsz-bw.de/bsz1752381017inh.htm |
| Author Notes: | Pavel Brunssen ; mit einem Vorwort von Andrei S. Markovits |
MARC
| LEADER | 00000cam a2200000 c 4500 | ||
|---|---|---|---|
| 001 | 1752381017 | ||
| 003 | DE-627 | ||
| 005 | 20250220095832.0 | ||
| 007 | tu | ||
| 008 | 210324s2021 gw ||||| 00| ||ger c | ||
| 015 | |a 21,N12 |2 dnb | ||
| 016 | 7 | |a 1229457267 |2 DE-101 | |
| 020 | |a 9783779964919 |c Broschur : EUR 29.95 (DE), EUR 30.80 (AT) |9 978-3-7799-6491-9 | ||
| 020 | |a 3779964910 |9 3-7799-6491-0 | ||
| 024 | 3 | |a 9783779964919 | |
| 028 | 5 | 2 | |a 446491 |
| 035 | |a (DE-627)1752381017 | ||
| 035 | |a (DE-599)DNB1229457267 | ||
| 035 | |a (OCoLC)1243068418 | ||
| 040 | |a DE-627 |b ger |c DE-627 |e rda | ||
| 041 | |a ger | ||
| 044 | |c XA-DE-BW |c XA-CH | ||
| 082 | 0 | 4 | |a 796 |a 300 |q DE-101 |
| 084 | |a 55 |2 sdnb | ||
| 084 | |a 14 |2 sdnb | ||
| 084 | |a 50 |2 sdnb | ||
| 084 | |a 12 |2 sdnb | ||
| 084 | |a 13 |2 sdnb | ||
| 084 | |a 2,1 |2 ssgn | ||
| 084 | |a KRIM |q DE-21 |2 fid | ||
| 084 | |a MS 3400 |q DE-14/sred |2 rvk |0 (DE-625)rvk/123680: | ||
| 084 | |a BD 7040 |q DE-14/sred |2 rvk |0 (DE-625)rvk/10247: | ||
| 084 | |a ZX 7140 |2 rvk |0 (DE-625)rvk/158451:14257 | ||
| 084 | |a ZY 2029 |q DE-24/21sred |2 rvk |0 (DE-625)rvk/158565:13019 | ||
| 084 | |a 76.21 |2 bkl | ||
| 084 | |a 71.62 |2 bkl | ||
| 084 | |a 76.11 |2 bkl | ||
| 100 | 1 | |a Brunssen, Pavel |d 1987- |e VerfasserIn |0 (DE-588)1096179059 |0 (DE-627)856562130 |0 (DE-576)467888620 |4 aut | |
| 245 | 1 | 0 | |a Antisemitismus in Fußball-Fankulturen |b der Fall RB Leipzig |c Pavel Brunssen ; mit einem Vorwort von Andrei S. Markovits |
| 250 | |a 1. Auflage | ||
| 264 | 1 | |a Weinheim |a Basel |b Beltz Juventa |c 2021 | |
| 264 | 4 | |c © 2021 | |
| 300 | |a 180 Seiten |c 23 cm x 15 cm, 296 g | ||
| 336 | |a Text |b txt |2 rdacontent | ||
| 337 | |a ohne Hilfsmittel zu benutzen |b n |2 rdamedia | ||
| 338 | |a Band |b nc |2 rdacarrier | ||
| 500 | |a Literatur- und Quellenverzeichnis: Seiten 165-180 | ||
| 520 | |a Dieses Buch analysiert das gesellschaftlich weitverbreitete Ressentiment gegen RB Leipzig aus antisemitismuskritischer Perspektive. In einer empirisch fundierten theoretischen Auseinandersetzung stellt dieses Buch eine gleichermaßen innovative wie richtungsweisende Studie über die Fankultur der Ultras sowie die Artikulationsformen des Antisemitismus im 21. Jahrhundert vor. Brunssen legt eindrucksvoll dar, wie sich die Ablehnung RB Leipzigs aus einem jahrhundertealten Fundus antisemitischer Bilder speist. | ||
| 650 | 0 | 7 | |0 (DE-588)4002333-3 |0 (DE-627)10639374X |0 (DE-576)208846603 |a Antisemitismus |2 gnd |
| 650 | 0 | 7 | |0 (DE-588)4116483-0 |0 (DE-627)105806331 |0 (DE-576)209501960 |a Sexismus |2 gnd |
| 650 | 0 | 7 | |0 (DE-588)4018968-5 |0 (DE-627)10632330X |0 (DE-576)208927301 |a Fußball |2 gnd |
| 650 | 4 | |a Fankultur |7 (dpeaa)DE-21/24-fid2,1 | |
| 650 | 4 | |a Ultras |7 (dpeaa)DE-21/24-fid2,1 | |
| 689 | 0 | 0 | |d b |0 (DE-588)1076340261 |0 (DE-627)834727250 |0 (DE-576)44522147X |a RasenBallsport Leipzig |2 gnd |
| 689 | 0 | 1 | |d s |0 (DE-588)4130186-9 |0 (DE-627)105704431 |0 (DE-576)209616814 |a Fußballfanklub |2 gnd |
| 689 | 0 | 2 | |d s |0 (DE-588)4002333-3 |0 (DE-627)10639374X |0 (DE-576)208846603 |a Antisemitismus |2 gnd |
| 689 | 0 | |5 (DE-627) | |
| 689 | 1 | 0 | |d s |0 (DE-588)4018968-5 |0 (DE-627)10632330X |0 (DE-576)208927301 |a Fußball |2 gnd |
| 689 | 1 | 1 | |d s |0 (DE-588)1162356235 |0 (DE-627)1026020336 |0 (DE-576)507376196 |a Ultrabewegung |g Gruppe |2 gnd |
| 689 | 1 | 2 | |d s |0 (DE-588)4002333-3 |0 (DE-627)10639374X |0 (DE-576)208846603 |a Antisemitismus |2 gnd |
| 689 | 1 | |5 (DE-627) | |
| 689 | 2 | 0 | |d b |0 (DE-588)1076340261 |0 (DE-627)834727250 |0 (DE-576)44522147X |a RasenBallsport Leipzig |2 gnd |
| 689 | 2 | 1 | |d s |0 (DE-588)4131123-1 |0 (DE-627)105697303 |0 (DE-576)209624825 |a Fußballfan |2 gnd |
| 689 | 2 | 2 | |d s |0 (DE-588)4002333-3 |0 (DE-627)10639374X |0 (DE-576)208846603 |a Antisemitismus |2 gnd |
| 689 | 2 | |5 (DE-627) | |
| 689 | 3 | 0 | |d g |0 (DE-588)4035206-7 |0 (DE-627)104798998 |0 (DE-576)209011246 |a Leipzig |2 gnd |
| 689 | 3 | 1 | |d s |0 (DE-588)4018968-5 |0 (DE-627)10632330X |0 (DE-576)208927301 |a Fußball |2 gnd |
| 689 | 3 | 2 | |d s |0 (DE-588)4338324-5 |0 (DE-627)152367845 |0 (DE-576)211386502 |a Hooligan |2 gnd |
| 689 | 3 | 3 | |d s |0 (DE-588)1162356235 |0 (DE-627)1026020336 |0 (DE-576)507376196 |a Ultrabewegung |g Gruppe |2 gnd |
| 689 | 3 | 4 | |d s |0 (DE-588)4002333-3 |0 (DE-627)10639374X |0 (DE-576)208846603 |a Antisemitismus |2 gnd |
| 689 | 3 | |5 (DE-627) | |
| 700 | 1 | |a Markovits, Andrei S. |d 1948- |e VerfasserIn eines Vorworts |0 (DE-588)124182143 |0 (DE-627)085691402 |0 (DE-576)162134541 |4 wpr | |
| 710 | 2 | |a Juventa Verlag |e Verlag |0 (DE-588)1065433034 |0 (DE-627)816130973 |0 (DE-576)425147118 |4 pbl | |
| 776 | 1 | |z 9783779958109 |c e-PDF | |
| 776 | 0 | 8 | |i Erscheint auch als |n Online-Ausgabe |a Brunssen, Pavel, 1987 - |t Antisemitismus in Fußball-Fankulturen |b 1. Auflage |d Weinheim : Beltz Juventa, 2021 |h 1 Online-Ressource (180 Seiten) |w (DE-627)1752706242 |z 9783779958109 |
| 856 | 4 | 2 | |u http://deposit.dnb.de/cgi-bin/dokserv?id=dffcfb869f0f4c62943bdfa92696e9cd&prov=M&dok_var=1&dok_ext=htm |m X:MVB |q text/html |v 2021-03-24 |x Verlag |3 Inhaltstext |
| 856 | 4 | 2 | |u https://swbplus.bsz-bw.de/bsz1752381017inh.htm |m V:DE-576;B:DE-14 |q application/pdf |v 20210525193131 |3 Inhaltsverzeichnis |
| 935 | |a SAXB |a mkri |a rexa | ||
| 936 | r | v | |a MS 3400 |b Juden; Antisemitismus |k Soziologie |k Spezielle Soziologien |k Soziologie der Minoritäten und Randgruppen |k Juden; Antisemitismus |0 (DE-627)1271441039 |0 (DE-625)rvk/123680: |0 (DE-576)201441039 |
| 936 | r | v | |a BD 7040 |b Antisemitismus seit 1918 |k Theologie und Religionswissenschaften |k Judaistik |k Religions- und Kulturgeschichte der Juden |k 20. und 21. Jahrhundert (seit ca. 1930) |k Antisemitismus seit 1918 |0 (DE-627)1270717898 |0 (DE-625)rvk/10247: |0 (DE-576)200717898 |
| 936 | r | v | |a ZX 7140 |b Allgemeines; Einführungen |k Sport |k Sportwissenschaft |k Sportsoziologie |k Sportpublikum |k Allgemeines; Einführungen |0 (DE-627)127150104X |0 (DE-625)rvk/158451:14257 |0 (DE-576)20150104X |
| 936 | r | v | |a ZY 2029 |b Sonstiges |k Sport |k Sportpraxis |k Sportspiele |k Ballspiele |k Fußball |k Sonstiges |0 (DE-627)1271514869 |0 (DE-625)rvk/158565:13019 |0 (DE-576)201514869 |
| 936 | b | k | |a 76.21 |j Sportvereine |q DA-3 |0 (DE-627)181571366 |
| 936 | b | k | |a 71.62 |j Ethnische Beziehungen |0 (DE-627)106410423 |
| 936 | b | k | |a 76.11 |j Sportsoziologie |j Sportpsychologie |0 (DE-627)106420844 |
| 951 | |a BO | ||
| 990 | |a Antisemitismus | ||
| 990 | |a Ultrabewegung | ||
| 990 | |a Hooligan | ||
| 990 | |a Fußball | ||
| 990 | |a Leipzig | ||
| 990 | |a Antisemitismus | ||
| 990 | |a Fußballfan | ||
| 990 | |a RasenBallsport Leipzig | ||
| 990 | |a Antisemitismus | ||
| 990 | |a Ultrabewegung | ||
| 990 | |a Fußball | ||
| 990 | |a Antisemitismus | ||
| 990 | |a Fußballfanklub | ||
| 990 | |a RasenBallsport Leipzig | ||
| 992 | |a 20231026 | ||
| 993 | |a Book | ||
| 998 | |g 1096179059 |a Brunssen, Pavel |m 1096179059:Brunssen, Pavel |d 910000 |d 950000 |d 950950 |e 910000PB1096179059 |e 950000PB1096179059 |e 950950PB1096179059 |k 0/910000/ |k 1/910000/950000/ |k 2/910000/950000/950950/ |p 1 |x j |y j | ||
| 999 | |a KXP-PPN1752381017 |e 4398183930 | ||
| BIB | |a Y | ||
| JSO | |a {"type":{"bibl":"book"},"physDesc":[{"extent":"180 Seiten","noteFormat":"23 cm x 15 cm, 296 g"}],"corporate":[{"role":"pbl","display":"Juventa Verlag"}],"recId":"1752381017","person":[{"display":"Brunssen, Pavel","given":"Pavel","role":"aut","family":"Brunssen"},{"given":"Andrei S.","display":"Markovits, Andrei S.","role":"wpr","family":"Markovits"}],"name":{"displayForm":["Pavel Brunssen ; mit einem Vorwort von Andrei S. Markovits"]},"origin":[{"dateIssuedKey":"2021","edition":"1. Auflage","editionNo":"1","dateIssuedDisp":"2021","publisher":"Beltz Juventa","publisherPlace":"Weinheim ; Basel"}],"language":["ger"],"title":[{"title":"Antisemitismus in Fußball-Fankulturen","title_sort":"Antisemitismus in Fußball-Fankulturen","subtitle":"der Fall RB Leipzig"}],"note":["Literatur- und Quellenverzeichnis: Seiten 165-180"],"id":{"isbn":["9783779964919","3779964910"],"eki":["1752381017"]}} | ||
| SRT | |a BRUNSSENPAANTISEMITI2021 | ||